Statistics for Best NBA Dunkers Of All-Time

Click here to take the quiz!

General Stats

  • This quiz has been taken 44 times
    (34 since last reset)
  • The average score is 8 of 10

Answer Stats

Team(s)Year RetiredRankAnswer% Correct
Bulls, Wizards2003#3Michael Jordan
93%
Raptors, Nets, Magic, Suns Mavericks, grizzlies, Kings, Hawks2020#1Vince Carter
93%
Cavaliers, Heat, Cavaliers, LakesActive#8LeBron James
89%
Lakers2016#2Kobe Bryant
81%
Heat, Bulls, Cavaliers, Heat2019#10Dwayne Wade
74%
76ers1987#4Julius Erving
74%
Bulls, Rockets, Trail Blazers, Bulls2004#7Scottie Pippen
70%
Raptors, Magic, Rockets, Knicks, Pistons, Hawks2012#6Tracy Mcgrady
70%
Supersonics, Cavaliers, Trail Blazers, Magic2003#5Shawn Kemp
56%
Hawks, Clippers, Celtics, Spurs, Magic2000#9Dominique Wilkins
52%

Score Distribution

Percentile by Number Answered

Percent of People with Each Score

Your Score History

You have not taken this quiz since the last reset